Normal view
MARC view
- SIEGRIST, L. ROBERT
Entry Personal Name
001 - CONTROL NUMBER
- control field: 91210
003 - CONTROL NUMBER IDENTIFIER
- control field: NUST
005 - DATE AND TIME OF LATEST TRANSACTION
- control field: 20220425132218.0
008 - FIXED-LENGTH DATA ELEMENTS
- fixed length control field: 220425|| aca||aabn | a|a d
040 ## - CATALOGING SOURCE
- Original cataloging agency: NUST
- Transcribing agency: NUST
100 ## - HEADING--PERSONAL NAME
- Personal name: SIEGRIST, L. ROBERT
670 ## - SOURCE DATA FOUND
- Source citation: Work cat.: (NUST): SIEGRIST, L. ROBERT., DECENTRALIZED WATER RECLAMATION /, 2017.
